| 000 | 00640nam a22002057a 4500 | ||
|---|---|---|---|
| 999 |
_c14928 _d14928 |
||
| 003 | AR-CdUCM | ||
| 008 | 190417b ||||| |||| 00| 0 spa d | ||
| 020 | _a2-89429-886-2 | ||
| 040 |
_aMUNICIPALIDAD PROVINCIAL DEL CUSCO _cBIBLIOTECA MUNICIPAL DEL CUSCO |
||
| 082 |
_aPI / 803 / _bN89 |
||
| 110 |
_aOvale. _932619 |
||
| 245 | _aEl nuevo traje del emperador / | ||
| 260 |
_aChina : _bOvale, _c1996. |
||
| 300 |
_a29 páginas ; _c16 cm. |
||
| 440 |
_aHans Christian Andersen, cuentos clasicos. _932620 |
||
| 505 | _aContenido :El nuevo traje del emperador. | ||
| 650 |
_aCuentos _9217 |
||
| 942 |
_2ddc _cLIBROS |
||
| 945 |
_arum _d2019-04-25 |
||